Report of the Comptroller and Auditor General of India, Union Government (Post and Telecommunications) (Record no. 486011)

000 -LEADER
fixed length control field 00522cam a22001337a 4500
008 - FIXED-LENGTH DATA ELEMENTS--GENERAL INFORMATION
fixed length control field 180718b-- xxu||||| |||| 00| 0 eng d
082 ## - DEWEY DECIMAL CLASSIFICATION NUMBER
Classification number L906x54 P
245 ## - TITLE STATEMENT
Title Report of the Comptroller and Auditor General of India, Union Government (Post and Telecommunications)
260 ## - PUBLICATION, DISTRIBUTION, ETC.
Place of publication, distribution, etc. New Delhi
Name of publisher, distributor, etc. Comptroller and Auditor General of India
Date of publication, distribution, etc. --
500 ## - GENERAL NOTE
General note Library has 1991/92-1999/2000
650 ## - SUBJECT ADDED ENTRY--TOPICAL TERM
Topical term or geographic name entry element Telegraph - Auditing - India
650 ## - SUBJECT ADDED ENTRY--TOPICAL TERM
Topical term or geographic name entry element Postal service - Auditing - India
700 ## - ADDED ENTRY--PERSONAL NAME
Personal name Comptroller and Auditor General of India
Holdings
Withdrawn status Lost status Damaged status Not for loan Permanent Location Current Location Date acquired Full call number Barcode Date last seen Price effective from Koha item type
        Indian Institute of Public Administration Indian Institute of Public Administration 2018-08-04 L906x54 P GG25109 2018-08-04 2018-08-04 GG
        Indian Institute of Public Administration Indian Institute of Public Administration 2018-08-04 L906x54 P GG25025 2018-08-04 2018-08-04 GG
        Indian Institute of Public Administration Indian Institute of Public Administration 2018-08-04 L906x54 P GG24850 2018-08-04 2018-08-04 GG
        Indian Institute of Public Administration Indian Institute of Public Administration 2018-08-04 L906x54 P GG24581 2018-08-04 2018-08-04 GG
        Indian Institute of Public Administration Indian Institute of Public Administration 2018-08-04 L906x54 P GG24580 2018-08-04 2018-08-04 GG
        Indian Institute of Public Administration Indian Institute of Public Administration 2018-08-04 L906x54 P GG23903 2018-08-04 2018-08-04 GG
        Indian Institute of Public Administration Indian Institute of Public Administration 2018-08-04 L906x54 P GG23557 2018-08-04 2018-08-04 GG
        Indian Institute of Public Administration Indian Institute of Public Administration 2018-08-04 L906x54 P GG22636 2018-08-04 2018-08-04 GG
        Indian Institute of Public Administration Indian Institute of Public Administration 2018-08-04 L906x54 P GG22092 2018-08-04 2018-08-04 GG

Powered by Koha